000 00572nam a2200229Ia 4500
003 OSt
005 20220928140217.0
006 a|||||r|||| 00| 0
007 ta
008 220927b |||||||| |||| 00| 0 eng d
024 _a7646
037 _cTextual
040 _aSDCL
_cSDCL
_beng
041 _2eng
_aeng
082 _aD6,8(B),2, N7
100 _aThayer Richard H
_9494688
245 0 _aSoftware engineering project management
250 _a2
260 _c1997
942 _hD6,8(B),2, N7
_cTEXL
_2CC
999 _c810688
_d810688